<?xml version="1.0" encoding="UTF-8"?>
<record
    xmlns:xsi="http://www.w3.org/2001/XMLSchema-instance"
    xsi:schemaLocation="http://www.loc.gov/MARC21/slim http://www.loc.gov/standards/marcxml/schema/MARC21slim.xsd"
    xmlns="http://www.loc.gov/MARC21/slim">

  <leader>01066nam0a2200313   4500</leader>
  <controlfield tag="001">RU\NLR\ONL2\6301</controlfield>
  <controlfield tag="005">20250613125943.0</controlfield>
  <datafield tag="010" ind1=" " ind2=" ">
    <subfield code="a">5-7696-2346-2</subfield>
    <subfield code="9">3000+8000</subfield>
  </datafield>
  <datafield tag="035" ind1=" " ind2=" ">
    <subfield code="a">(NLR Aleph) 009653898</subfield>
  </datafield>
  <datafield tag="090" ind1=" " ind2=" ">
    <subfield code="a">9581835</subfield>
    <subfield code="c">9581835</subfield>
  </datafield>
  <datafield tag="100" ind1=" " ind2=" ">
    <subfield code="a">20061111d2006    |||y0rusy50      ca</subfield>
  </datafield>
  <datafield tag="101" ind1="0" ind2=" ">
    <subfield code="a">sah</subfield>
  </datafield>
  <datafield tag="102" ind1=" " ind2=" ">
    <subfield code="a">RU</subfield>
  </datafield>
  <datafield tag="105" ind1=" " ind2=" ">
    <subfield code="a">a |||||||||</subfield>
  </datafield>
  <datafield tag="200" ind1="1" ind2=" ">
    <subfield code="a">&#x41D;&#x443;&#x443;&#x447;&#x447;&#x430; &#x43E;&#x441;&#x442;&#x443;&#x43E;&#x440;&#x443;&#x439;&#x430;&#x43B;&#x430;&#x440;&#x430;</subfield>
    <subfield code="f">[&#x445;&#x43E;&#x43C;&#x443;&#x439;&#x430;&#x43D; &#x43E;&#x43D;&#x43E;&#x440;&#x434;&#x43E; &#x420;. &#x41F;. &#x41E;&#x441;&#x438;&#x43F;&#x43E;&#x432;&#x430;</subfield>
    <subfield code="g">&#x445;&#x443;&#x434;&#x43E;&#x436;. &#x412;. &#x424;. &#x41D;&#x43E;&#x435;&#x432;&#x430;]</subfield>
  </datafield>
  <datafield tag="210" ind1=" " ind2=" ">
    <subfield code="a">&#x414;&#x44C;&#x43E;&#x43A;&#x443;&#x443;&#x441;&#x43A;&#x430;&#x439;</subfield>
    <subfield code="c">&#x411;&#x438;&#x447;&#x438;&#x43A;</subfield>
    <subfield code="d">2006</subfield>
  </datafield>
  <datafield tag="215" ind1=" " ind2=" ">
    <subfield code="a">125,[2] &#x441;.</subfield>
    <subfield code="c">&#x438;&#x43B;.</subfield>
    <subfield code="d">29</subfield>
  </datafield>
  <datafield tag="225" ind1="1" ind2=" ">
    <subfield code="a">&#x41E;&#x441;&#x442;&#x443;&#x43E;&#x440;&#x443;&#x439;&#x430; &#x44D;&#x439;&#x433;&#x44D;&#x442;&#x44D;</subfield>
  </datafield>
  <datafield tag="541" ind1="1" ind2=" ">
    <subfield code="a">&#x420;&#x443;&#x441;&#x441;&#x43A;&#x438;&#x435; &#x43D;&#x430;&#x440;&#x43E;&#x434;&#x43D;&#x44B;&#x435; &#x441;&#x43A;&#x430;&#x437;&#x43A;&#x438;</subfield>
    <subfield code="e">&#x434;&#x43B;&#x44F; &#x43C;&#x43B;. &#x448;&#x43A;. &#x432;&#x43E;&#x437;&#x440;&#x430;&#x441;&#x442;&#x430;</subfield>
    <subfield code="z">rus</subfield>
  </datafield>
  <datafield tag="686" ind1="1" ind2=" ">
    <subfield code="a">&#x428;9(2)3=&#x42F;-72&#x420;</subfield>
  </datafield>
  <datafield tag="702" ind1=" " ind2="1">
    <subfield code="a">&#x41E;&#x441;&#x438;&#x43F;&#x43E;&#x432;&#x430;</subfield>
    <subfield code="b">&#x420;. &#x41F;.</subfield>
    <subfield code="g">&#x420;&#x43E;&#x437;&#x430;&#x43B;&#x438;&#x44F; &#x41F;&#x435;&#x442;&#x440;&#x43E;&#x432;&#x43D;&#x430;</subfield>
    <subfield code="4">220</subfield>
  </datafield>
  <datafield tag="702" ind1=" " ind2="1">
    <subfield code="a">&#x41D;&#x43E;&#x435;&#x432;&#x430;</subfield>
    <subfield code="b">&#x412;. &#x424;.</subfield>
    <subfield code="4">440</subfield>
  </datafield>
  <datafield tag="801" ind1=" " ind2="0">
    <subfield code="a">RU</subfield>
    <subfield code="b">NLR</subfield>
    <subfield code="c">20061111</subfield>
    <subfield code="g">PSBO</subfield>
  </datafield>
  <datafield tag="852" ind1=" " ind2=" ">
    <subfield code="a">NLR</subfield>
    <subfield code="b">&#x41E;&#x41D;&#x41B;</subfield>
    <subfield code="j">&#x42F;&#x43A;&#x443;&#x442;./5-65</subfield>
  </datafield>
  <datafield tag="942" ind1=" " ind2=" ">
    <subfield code="c">BOOK</subfield>
  </datafield>
  <datafield tag="980" ind1=" " ind2=" ">
    <subfield code="a">NB</subfield>
  </datafield>
  <datafield tag="980" ind1=" " ind2=" ">
    <subfield code="a">ONL_RF</subfield>
  </datafield>
  <datafield tag="995" ind1=" " ind2=" ">
    <subfield code="5">2013-10-26</subfield>
    <subfield code="b">NLR01</subfield>
    <subfield code="c">NLR01</subfield>
    <subfield code="e">ONL</subfield>
    <subfield code="f">1-695709</subfield>
    <subfield code="k">&#x41E;&#x41D;&#x41B; &#x42F;&#x43A;&#x443;&#x442;./5-65</subfield>
    <subfield code="o">0</subfield>
    <subfield code="r">BOOK</subfield>
    <subfield code="s">_565</subfield>
  </datafield>
</record>
